000 00239nam a2200097Ia 4500
001 730190
005 20250826163710.0
008 250824s9999 xx 000 0 und d
245 0 _aYENİ GÜN YENİ UMUT
_cMEHMET FİDAN
260 _bATLIKARINCA
999 _c730190
_d730190